Why marriage matters : (Record no. 39122)
[ view plain ]
| 000 -LEADER | |
|---|---|
| fixed length control field | 00821cam a22002654a 4500 |
| 001 - CONTROL NUMBER | |
| control field | 13724393 |
| 005 - DATE AND TIME OF LATEST TRANSACTION | |
| control field | 20171218094535.0 |
| 008 - FIXED-LENGTH DATA ELEMENTS--GENERAL INFORMATION | |
| fixed length control field | 040920s2004 nyu b 001 0 eng |
| 010 ## - LIBRARY OF CONGRESS CONTROL NUMBER | |
| LC control number | 2004302047 |
| 020 ## - INTERNATIONAL STANDARD BOOK NUMBER | |
| International Standard Book Number | 0743264584 |
| 035 ## - SYSTEM CONTROL NUMBER | |
| System control number | (OCoLC)ocm55950231 |
| 040 ## - CATALOGING SOURCE | |
| Original cataloging agency | IEB |
| Transcribing agency | IEB |
| Modifying agency | SPP |
| -- | OCLCQ |
| -- | DLC |
| 041 ## - LANGUAGE CODE | |
| Language code of text/sound track or separate title | eng |
| 042 ## - AUTHENTICATION CODE | |
| Authentication code | pcc |
| 043 ## - GEOGRAPHIC AREA CODE | |
| Geographic area code | n-us--- |
| 080 ## - UNIVERSAL DECIMAL CLASSIFICATION NUMBER | |
| Universal Decimal Classification number | 316 EVA |
| 082 ## - DEWEY DECIMAL CLASSIFICATION NUMBER | |
| Classification number | 316 EVA |
| 100 1# - Rafti | |
| Rafti | 51 |
| 101 ## - Shkurtesa | |
| Shkurtesa | SOC |
| 245 10 - TITLE STATEMENT | |
| Title | Why marriage matters : |
| Statement of responsibility, etc | Evan Wolfson. |
| 504 ## - BIBLIOGRAPHY, ETC. NOTE | |
| Bibliography, etc | Includes bibliographical references (p. 213-231) and index. |
| 906 ## - LOCAL DATA ELEMENT F, LDF (RLIN) | |
| a | 7 |
| b | cbc |
| c | origres |
| d | 2 |
| e | ncip |
| f | 20 |
| g | y-gencatlg |
| 942 ## - ADDED ENTRY ELEMENTS (KOHA) | |
| Source of classification or shelving scheme | |
| Item type | Books |
No items available.